000 00421pab a2200169 454500
008 180718b1981 xxu||||| |||| 00| 0 eng d
100 _aMathur, G.C.
245 _aTown planning and housing the economically weaker sections of the community
260 _c1981
300 _ap.66-71.
362 _aJan-Mar
650 _aHousing
650 _aUrban planning
773 _aNagarlok
908 _aN
909 _a101923
999 _c101921
_d101921